Manual of commercial methods in clinical microbiology /

Bibliographic Details
Corporate Author: Knovel (Firm)
Other Authors: Truant, Allan L.
Format: eBook
Language:English
Published: Washington, D.C. : ASM Press, [2002]
Subjects:
Online Access:Connect to the full text of this electronic book

MARC

Tag First Indicator Second Indicator Subfields
LEADER 00000cam a2200000Ia 4500
001 in00003833521
005 20190415175833.0
006 m o d
007 cr cn|||||||||
008 111114s2002 dcua obcf 001 0 eng d
019 |a 606741522 
020 |a 9781613442609  |q (electronic bk.) 
020 |a 1613442602  |q (electronic bk.) 
020 |a 9781555817961 
020 |a 1555817963 
020 |z 1555811892 
020 |z 9781555811891 
035 |a (OCoLC)ocn760890218 
035 |a (OCoLC)760890218  |z (OCoLC)606741522 
037 |b Knovel Corporation  |n http://www.knovel.com 
040 |a KNOVL  |b eng  |e pn  |c KNOVL  |d OCLCQ  |d ZCU  |d COO  |d OCLCQ  |d KNOVL  |d OCLCE  |d OCLCO  |d UIU  |d KNOVL  |d OCLCQ  |d ASMPP  |d CHVBK  |d OCLCQ  |d UtOrBLW 
042 |a dlr 
049 |a TXAM 
050 4 |a QR46  |b .M433 2002eb 
060 4 |a 2002 D-006 
060 4 |a QW 26  |b M294 2002 
082 0 4 |a 616/.01  |2 23 
245 0 0 |a Manual of commercial methods in clinical microbiology /  |c editor, Allan L. Truant. 
264 1 |a Washington, D.C. :  |b ASM Press,  |c [2002] 
264 4 |c ©2002 
300 |a 1 online resource (xix, 481 pages 
336 |a text  |b txt  |2 rdacontent 
337 |a computer  |b c  |2 rdamedia 
338 |a online resource  |b cr  |2 rdacarrier 
504 |a Includes bibliographical references and index. 
588 0 |a Print version record. 
505 0 0 |t Role of the U.S. Food and Drug Administration in regulation of commercial clinical microbiology products /  |r Sharon L. Hansen --  |t Commercial blood culture systems and methods /  |r Melvin P. Weinstein and L. Barth Reller --  |t Rapid systems and instruments for the identification of bacteria /  |r Alan T. Evangelista, Allan L. Truant, and Paul P. Bourbeau --  |t Anaerobic bacteriology /  |r Stephen D. Allen, Christopher L. Emery, and Jean A. Siders --  |t Rapid systems and instruments for the identification of viruses /  |r Marilyn A. Menegus --  |t Human immunodeficiency virus /  |r Richard L. Hodinka --  |t Chlamydia trachomatis /  |r Robert C. Jerris and Carolyn M. Black --  |t Mycoplasmas /  |r Ken B. Waites, Deborah F. Talkington, and Cʹecile M. Bʹebʹear --  |t Commercial methods for identification and susceptibility testing of fungi /  |r Donna M. Wolk and Glenn D. Roberts --  |t Mycobacteria /  |r Glenn D. Roberts, Leslie Hall, and Donna M. Wolk --  |t Diagnostic medical parasitology /  |r Lynne S. Garcia --  |t Molecular methods for diagnosis of infectious. 
505 0 0 |g diseases /  |r Donald Jungkind and Harald H. Kessler --  |t Automated immunoassay analyzers /  |r Richard L. Hodinka --  |t Commercial methods in clinical veterinary microbiology /  |r Thomas J. Inzana [and others] --  |t Comparison of current laboratory information systems /  |r Charles T. Ladoulis, Allan L. Truant, and Ray D. Aller --  |t Emerging infectious diseases /  |r Byungse Suh, Jay R. Kostman, and Richard Maniglia --  |t Rapid systems and instruments for antimicrobial susceptibility testing of bacteria /  |r Alan T. Evangelista and Allan L. Truant --  |t Clinical microbiology : looking ahead /  |r Donna M. Wolk and David H. Persing. 
538 |a Master and use copy. Digital master created according to Benchmark for Faithful Digital Reproductions of Monographs and Serials, Version 1. Digital Library Federation, December 2002.  |u http://purl.oclc.org/DLF/benchrepro0212  |5 MiAaHDL 
583 1 |a digitized  |c 2010  |h HathiTrust Digital Library  |l committed to preserve  |2 pda  |5 MiAaHDL 
500 |a Electronic resource. 
650 0 |a Medical microbiology  |x Equipment and supplies  |v Handbooks, manuals, etc. 
650 6 |a Microbiologie clinique  |x Appareils et matériel. 
650 2 |a Equipment and Supplies.  |0 https://id.nlm.nih.gov/mesh/D004864 
650 2 |a Microbiological Techniques.  |0 https://id.nlm.nih.gov/mesh/D008828 
650 2 |a Catalogs, Commercial.  |0 https://id.nlm.nih.gov/mesh/D002379 
655 2 |a Catalogs.  |0 https://id.nlm.nih.gov/mesh/D019494 
655 7 |a Electronic books.  |2 local 
700 1 |a Truant, Allan L.  |0 http://id.loc.gov/authorities/names/n00123718 
710 2 |a Knovel (Firm)  |0 http://id.loc.gov/authorities/names/nr2001027264 
776 1 8 |i Print version:  |t Manual of commercial methods in clinical microbiology.  |d Washington, D.C. : ASM Press, ©2002  |z 1555811892  |w (DLC) 00065062  |w (OCoLC)45420245 
856 4 0 |u http://proxy.library.tamu.edu/login?url=http://app.knovel.com/hotlink/toc/id:kpMCMCM001/manual-of-commercial  |z Connect to the full text of this electronic book  |t 0 
999 f f |s ed5aaf54-9c2b-3ba8-a639-1bcf32da5560  |i fbd0a0dc-be8d-3017-82a6-499fe57617ab  |t 0 
952 f f |a Texas A&M University  |b College Station  |c Electronic Resources  |d Available Online  |t 0  |e QR46 .M433 2002eb  |h Library of Congress classification 
998 f f |a QR46 .M433 2002eb  |t 0  |l Available Online